banner

Técnica y práctica del psicoanálisis / (Registro nro. 1489)

000 -LEADER
fixed length control field 01872nam a2200229 4500
003 - CONTROL NUMBER IDENTIFIER
control field AR-BaISA
005 - DATE AND TIME OF LATEST TRANSACTION
control field 20240430093906.0
006 - FIXED-LENGTH DATA ELEMENTS--ADDITIONAL MATERIAL CHARACTERISTICS
fixed length control field a||||fr|||| 00| 0
007 - PHYSICAL DESCRIPTION FIXED FIELD--GENERAL INFORMATION
fixed length control field ta
008 - FIXED-LENGTH DATA ELEMENTS--GENERAL INFORMATION
fixed length control field 231110s1976 mx f ||| ||spa d
040 ## - CATALOGING SOURCE
Language of cataloging SPA
Transcribing agency AR-BaISA
082 ## - DEWEY DECIMAL CLASSIFICATION NUMBER
Edition number 22
Classification number 150.195 G853
100 ## - MAIN ENTRY--PERSONAL NAME
Personal name Greenson, Ralph R.
9 (RLIN) 3184
Relator term aut.
245 10 - TITLE STATEMENT
Title Técnica y práctica del psicoanálisis /
Statement of responsibility, etc. por Ralph R. Greenson
260 ## - PUBLICATION, DISTRIBUTION, ETC.
Place of publication, distribution, etc. México D.F.:
Name of publisher, distributor, etc. Siglo XXI,
Date of publication, distribution, etc. 1976
300 ## - PHYSICAL DESCRIPTION
Extent 412 p.
490 ## - SERIES STATEMENT
Serie Psicología y etología
504 ## - BIBLIOGRAPHY, ETC. NOTE
Bibliography, etc. note Bibliografía: p. 392-412
505 ## - FORMATTED CONTENTS NOTE
Title ESTUDIO DE LOS CONCEPTOS BÁSICOS:
-- La evolución histórica de la terapia psicoanalítica --
-- Conceptos teóricos esenciales para la técnica --
-- Los componentes de la técnica psicoanalítica --
-- Indicaciones y contraindicaciones de la terapia psicoanalítica: visión preliminar --
-- LA RESISTENCIA:
-- Definición preliminar --
-- La aparición clínica de la resistencia --
-- Examen histórico --
-- La teoría de la resistencia --
-- Clasificación de las resistencias --
-- Técnicas para el análisis de las resistencias --
-- Reglas de la técnica relativa a la resistencia --
-- LA TRANSFERENCIA:
-- Definición provisional --
-- Cuadro clínico: características generales --
-- Estudio histórico --
-- Consideraciones teóricas --
-- La alianza del trabajo --
-- La verdadera relación entre paciente y analista --
-- Clasificación clínica de las reacciones de transferencia --
-- La resistencia de transferencia --
-- Técnica del análisis de la transferencia --
-- Problemas especiales en el análisis de las reacciones de transferencia --
-- LA SITUACIÓN PSICOANALÍTICA:
-- Lo que el psicoanálisis requiere del paciente --
-- Lo que el psicoanálisis requiere del psicoanalista --
-- Lo que requiere el psicoanálisis del encuadre analítico
650 14 - SUBJECT ADDED ENTRY--TOPICAL TERM
Topical term or geographic name entry element Psicoanálisis
9 (RLIN) 141
942 ## - ADDED ENTRY ELEMENTS (KOHA)
Source of classification or shelving scheme
Koha item type Libros
Existencias
Withdrawn status Lost status Source of classification or shelving scheme Damaged status Not for loan Permanent Location Current Location Date acquired Inventory number Full call number Barcode Date last seen Price effective from Koha item type Public note
          Biblioteca ISALUD. Dr. Néstor Rodríguez Campoamor Biblioteca ISALUD. Dr. Néstor Rodríguez Campoamor 2023-11-10 5109 150.195 G853 5109 2023-11-10 2023-11-10 Libros Donación de Pablo Inguimbert